[Event "German Bundesliga 2021-22"]
[Site "Germany"]
[Date "2022.05.01"]
[Round "6.4"]
[White "Neef, Maximilian"]
[Black "Lokander, Martin"]
[Result "0-1"]
[WhiteElo "2504"]
[BlackElo "2473"]
[Annotator "TA"]
[PlyCount "80"]
[EventDate "2022.03.05"]
[EventType "team-tourn"]
[EventCountry "GER"]
[SourceTitle "playchess.com"]
[Source "ChessBase"]
[SourceQuality "1"]
[TimeControl "40/5400+30:1800+30"]

{[%evp 12,80,0,0,0,0,0,0,-16,-18,7,5,0,-8,5,23,45,35,31,42,79,64,122,111,118,141,136,144,145,140,131,132,135,131,150,127,136,0,0,0,0,0,0,0,0,-27,-18,-29,-18,-215,-211,-314,-307,-725,-701,-29967,-29968,-29967,-927,-879,-851,-29969,-29972,-12462,-6190,-6190,-6072,-29987,-29988,-29987,-796]} 1. Nf3 {[%emt 0:00:00]} c5 {[%emt 0:00:00]} 2. g3 {[%emt 0:00:00]} g6 {[%emt 0:00:00]} 3. Bg2 {[%emt 0:00:00]} Bg7 {[%emt 0:00:00]} 4. c4 {[%emt 0:00:00]} Nc6 {[%emt 0:00:00]} 5. Nc3 {[%emt 0:00:00]} e6 {[%emt 0:00:00]} 6. d3 {[%emt 0:00:00]} Nge7 {[%emt 0:00:00]} 7. h4 {[%emt 0:00:00]} h6 {[%emt 0:00:00] A37: Symmetrical English vs ...g6: 4 Bg2 Bg7 5 Nf3.} 8. Bd2 {[%emt 0:00:00]} d5 {[%emt 0:00:00]} 9. Rb1 {[%emt 0:00:00]} b6 {[%emt 0:00:00] The position is equal.} 10. a3 {[%emt 0:00:00][%cal Ba2a3,Ba3b4,Bb4c5][%mdl 32]} Bb7 {[%emt 0:06:47]} 11. O-O {[%emt 0:01:37]} O-O {[%emt 0:07:27]} 12. Qc1 {[%emt 0:03:27]} Kh7 {[%emt 0:09:11]} 13. b4 {[%emt 0:02:29]} cxb4 {[%emt 0:02:35]} 14. axb4 {[%emt 0:01:51]} dxc4 {[%emt 0:05:30]} 15. dxc4 {[%emt 0:00:06]} Nf5 {[%emt 0:01:49]} 16. c5 {[%emt 0:23:29]} bxc5 {[%emt 0:06:59]} (16... Ne5 $14) 17. bxc5 $16 {[%emt 0:00:07] [#]} Rb8 $146 {[%emt 0:16:40]} ({Predecessor:} 17... Ba6 18. Qa3 Qc8 19. Rfc1 Rd8 20. Ne4 Rd5 21. Bc3 Ncd4 22. Nxd4 Nxd4 23. Bxd4 Bxd4 24. e3 Bg7 25. Nd6 Qc6 26. Bxd5 exd5 27. Rb4 Rf8 28. Qa4 {1-0 (28) Ipatov,A (2581)-Cmilyte,V (2525) Konya 2012}) 18. Bf4 {[%emt 0:07:31]} e5 {[%emt 0:00:07] [#]} 19. Nxe5 {[%emt 0:00:45][%mdl 512]} Bxe5 {[%emt 0:00:31]} 20. Bxe5 {[%emt 0:00:18]} Nxe5 {[%emt 0:00:07]} 21. Bxb7 {[%emt 0:00:23]} ({But not} 21. Rxb7 Rxb7 22. Bxb7 Qc7 $16) 21... Qd4 {[%emt 0:04:57] [#]} 22. Nb5 $1 {[%emt 0:27:02][%csl LRa7,LRd4]} Qg4 {[%emt 0:11:41]} 23. Bg2 {[%emt 0:02:34] aiming for Qc3.} ({Reject} 23. Nxa7 Nxg3 24. fxg3 Rxb7 25. Rxb7 Qxg3+ 26. Kh1 Qh3+ 27. Kg1 Qg3+ 28. Kh1 Qxh4+ 29. Kg1 Qg3+ 30. Kh1 Qh4+ 31. Kg1 Qg3+ 32. Kh1 Qh4+ $11) 23... Qxe2 {[%emt 0:06:30] [#]} 24. Nxa7 {[%emt 0:11:26]} ({Better is} 24. Qf4 $1 $16 {Black must now prevent Nc3.} Rxb5 25. Rxb5 Qxb5 26. Qxe5) 24... Rxb1 $11 {[%emt 0:10:04]} 25. Qxb1 {[%emt 0:00:08]} Nf3+ {[%emt 0:00:06]} 26. Bxf3 {[%emt 0:02:40]} Qxf3 {[%emt 0:00:05]} 27. Qd1 {[%emt 0:01:18]} Qa3 {[%emt 0:01:44][%csl LRa7,LRc5]} (27... Qb7 $5 28. Qa4 Ra8 $11) 28. Qa1 {[%emt 0:04:31]} Qxc5 {[%emt 0:00:45] Threatens to win with ...Nxg3.} 29. Rc1 {[%emt 0:00:04]} Qd5 {[%emt 0:02:48] ...Nd4 is the strong threat.} 30. Nc6 {[%emt 0:05:55] [#] Inhibits Nd4.} (30. Qa6 $1 $11) 30... Rc8 $1 $40 {[%emt 0:01:56][%mdl 128] White is in trouble.} 31. Nb4 {[%emt 0:05:01]} (31. Qa7 $142 Rxc6 32. Rxc6 Qxc6 33. Qxf7+ Ng7 34. Qe7) 31... Qd4 {[%emt 0:00:58] Hoping for ...Rxc1+.} 32. Rb1 {[%emt 0:02:23]} (32. Na2 Rxc1+ 33. Qxc1 Nxg3 34. Qc2) 32... Rc3 {[%emt 0:00:52]} 33. Kg2 {[%emt 0:01:08]} Qe4+ {[%emt 0:04:00]} 34. Kh2 {[%emt 0:00:35] [#]} Rf3 {[%emt 0:01:10]} (34... Nxh4 $142 $1 {[%mdl 512]} 35. gxh4 Rf3 36. Qa2 Qg4 37. Rb3 Qxh4+ 38. Kg1 Qg4+ 39. Kf1 Qh3+ 40. Ke2 Rxb3 41. Nc2 Qd3+ 42. Ke1 h5 43. Ne3 h4 44. Qxb3 Qxb3 45. Kd2 h3 46. Nf1 Qb4+ 47. Kd1 Qb1+ 48. Ke2 Qb5+ 49. Ke1 h2 50. Nxh2 Qe5+ 51. Kd2 Qxh2 52. Ke3 g5 53. Ke2 g4 54. Ke3 Qg2 55. Kf4 Qxf2+ 56. Ke5 g3 57. Kd5 g2 58. Kc4 g1=Q 59. Kc3 Qc5+ 60. Kb3 Qb1+ 61. Ka4 Qd1#) 35. Qa2 {[%emt 0:00:32] [#]} Nxh4 $1 {[%emt 0:00:39][%cal Of3f4][%mdl 512] ( -> ...Rf4!)} 36. gxh4 {[%emt 0:00:28]} (36. Qc2 Qxc2) 36... Qg4 {[%emt 0:00:10][%csl Gg4][%cal Rf3h3]} 37. Rb3 {[%emt 0:00:37]} Qh3+ {[%emt 0:00:04]} 38. Kg1 {[%emt 0:00:07]} Rxb3 {[%emt 0:00:04]} 39. Nd5 {[%emt 0:00:52]} Qg4+ {[%emt 0:00:12]} 40. Kf1 {[%emt 0:00:06]} Qd1+ {[%emt 0:00:05] Black used his chance.  Weighted Error Value: White=0.88/Black=0.32} 0-1

[Event "German Bundesliga 2021-22"]
[Site "Germany"]
[Date "2022.05.01"]
[Round "6.5"]
[White "L'Ami, Erwin"]
[Black "Svane, Frederik"]
[Result "1-0"]
[WhiteElo "2622"]
[BlackElo "2496"]
[Annotator "TA"]
[PlyCount "139"]
[EventDate "2022.03.05"]
[EventType "team-tourn"]
[EventCountry "GER"]
[SourceTitle "playchess.com"]
[Source "ChessBase"]
[SourceQuality "1"]
[TimeControl "40/5400+30:1800+30"]

{[%evp 20,139,11,0,0,6,9,0,17,0,16,13,5,10,13,5,21,23,45,42,51,44,54,44,50,47,29,32,52,42,58,54,54,34,41,41,70,41,47,72,97,96,98,97,142,136,137,137,137,100,121,114,117,112,193,169,214,214,239,234,271,263,263,255,297,300,342,313,373,387,508,480,437,390,418,401,517,418,425,342,368,358,342,360,445,430,419,0,406,346,345,345,646,625,645,629,642,643,519,501,617,631,638,599,817,792,832,813,775,778,766,735,999,970,991,987,1029,1028,969,1023,920,867]} 1. d4 {[%emt 0:00:00]} Nf6 {[%emt 0:00:00]} 2. c4 {[%emt 0:00:00]} e6 {[%emt 0:00:00]} 3. Nf3 {[%emt 0:00:00]} d5 {[%emt 0:00:00]} 4. g3 {[%emt 0:00:00]} Bb4+ {[%emt 0:00:00]} 5. Bd2 {[%emt 0:00:00]} Be7 {[%emt 0:00:00]} 6. Bg2 {[%emt 0:00:00]} O-O {[%emt 0:00:00]} 7. O-O {[%emt 0:00:00]} c6 {[%emt 0:00:00]} 8. Qc2 {[%emt 0:00:00]} b6 {[%emt 0:00:00]} 9. Bf4 {[%emt 0:00:00]} Bb7 {[%emt 0:00:00]} 10. Rd1 {[%emt 0:00:00]} Nbd7 {[%emt 0:00:00]} 11. Ne5 {[%emt 0:00:00] 11.Ne5 scores better than 11.Nc3.} Nh5 {[%emt 0:00:00] E08: Closed Catalan: Main Line: 7 Qc2.} 12. Bd2 {[%emt 0:00:00]} Nhf6 {[%emt 0:00:00]} 13. cxd5 {[%emt 0:00:00]} cxd5 {[%emt 0:00:00] The position is equal.} 14. Nc6 {[%emt 0:00:00]} Qe8 {[%emt 0:00:00]} (14... Bxc6 $5 15. Qxc6 Rc8 $11) 15. Nxe7+ {[%emt 0:00:00]} Qxe7 {[%emt 0:00:00]} 16. Qc7 {[%emt 0:00:00]} Rab8 {[%emt 0:14:57]} 17. Qc3 {[%emt 0:00:00] [#]} Ne4 $146 {[%emt 0:23:08]} ({Predecessor:} 17... Rfc8 18. Qa3 Qd8 19. Nc3 a6 20. Bf4 Ra8 21. e3 b5 22. Bd6 Ne4 23. Rdc1 Nb6 24. Nxe4 dxe4 {½-½ (62) Relyea,A (2289)-Barclay,A (2422) ICCF email 2021}) 18. Qb4 {[%emt 0:01:51]} Qxb4 {[%emt 0:03:20]} (18... Qd8 {with more complications.} 19. Bf4 a5 20. Qa3 Rc8) 19. Bxb4 {[%emt 0:00:11][%cal Bd2b4,Bb4a3,Ba3d6,Bd6f4][%mdl 32]} Rfc8 {[%emt 0:00:13]} 20. f3 {[%emt 0:03:59]} a5 {[%emt 0:01:29]} 21. Ba3 {[%emt 0:02:48]} Nef6 {[%emt 0:02:45]} 22. Bd6 {[%emt 0:01:54]} Ra8 {[%emt 0:00:05]} 23. Nc3 {[%emt 0:00:11]} Rc6 {[%emt 0:03:32]} 24. Bf4 {[%emt 0:00:40]} Ba6 {[%emt 0:02:21]} 25. e4 {[%emt 0:10:42][%cal Be2e4,Be4e5][%mdl 32]} Bc4 {[%emt 0:26:54]} 26. a4 {[%emt 0:06:55]} Nb8 {[%emt 0:03:52]} 27. Ra3 {[%emt 0:11:46]} Rc8 {[%emt 0:00:03]} 28. Nb5 {[%emt 0:03:02]} Bxb5 {[%emt 0:06:07]} 29. axb5 {[%emt 0:00:22]} Nbd7 {[%emt 0:00:04]} 30. e5 {[%emt 0:06:26]} Ne8 {[%emt 0:00:30]} 31. Bf1 {[%emt 0:00:10]} Ra7 {[%emt 0:07:57]} 32. b4 {[%emt 0:04:55]} a4 {[%emt 0:00:52]} 33. Rda1 {[%emt 0:00:17]} Rca8 {[%emt 0:01:47]} 34. Be3 {[%emt 0:00:30]} Kf8 {[%emt 0:02:24]} 35. Bd3 {[%emt 0:00:34]} Ke7 {[%emt 0:03:51]} 36. Kf2 {[%emt 0:00:31] White is more active.} (36. Bxh7 g6 37. Bg5+ f6 $17) 36... f5 {[%emt 0:00:17]} (36... f6 $16) 37. g4 {[%emt 0:04:10]} g6 {[%emt 0:00:07]} 38. Ke2 {[%emt 0:00:33]} Kf7 {[%emt 0:01:22]} 39. Kd2 {[%emt 0:00:15]} Ke7 {[%emt 0:00:55]} 40. Kc2 {[%emt 0:01:00]} Rc7+ {[%emt 0:00:18]} 41. Kb2 {[%emt 0:30:23]} Rca7 {[%emt 0:00:00]} 42. Rc1 {[%emt 0:00:00]} Nb8 {[%emt 0:00:00]} 43. Rac3 {[%emt 0:00:00][%cal Ba3c3,Bc3c8,Bc8c6][%mdl 32] Inhibits Rc7.} a3+ {[%emt 0:00:00]} 44. Ka2 {[%emt 0:00:00]} Ra4 {[%emt 0:00:23]} 45. Bg5+ {[%emt 0:00:00]} Kf7 {[%emt 0:00:06]} 46. Bd2 {[%emt 0:00:00]} Ke7 {[%emt 0:04:18]} 47. Rc8 {[%emt 0:00:00] [#] Hoping for Bg5+.} R4a7 {[%emt 0:02:44]} 48. Be2 {[%emt 0:00:00]} Nd7 {[%emt 0:01:15]} 49. R8c6 {[%emt 0:00:00]} Rb7 {[%emt 0:00:11]} 50. h4 {[%emt 0:00:00][%cal Bh2h4,Bh4h5][%mdl 32]} Nf8 {[%emt 0:04:21]} 51. h5 {[%emt 0:00:00]} Raa7 {[%emt 0:03:16]} 52. Bh6 {[%emt 0:00:00]} Ra4 {[%emt 0:03:29]} 53. Bd2 {[%emt 0:00:00]} Raa7 $1 {[%emt 0:00:06]} 54. Rh1 {[%emt 0:00:00] [#] And now hxg6 would win.} Kf7 {[%emt 0:04:05]} 55. Bd3 {[%emt 0:00:00]} Ng7 $2 {[%emt 0:01:12]} (55... Ra8 56. Bh6 Ng7 57. gxf5 Nxh5 58. Bxf8 Rxf8 59. Rxe6 Kg8) 56. hxg6+ $18 {[%emt 0:01:48] White is clearly winning.} hxg6 {[%emt 0:00:14]} 57. Rh8 {[%emt 0:00:16] Black must now prevent Rc8.} Ra8 {[%emt 0:00:36] Against Rc8} 58. Bh6 {[%emt 0:01:25]} Rab8 {[%emt 0:01:31]} 59. Kxa3 {[%emt 0:00:53][%cal Ba2a3,Ba3b2,Bb2c3,Bc3d2,Bd2e2,Be2e3,Be3f4,Bf4g5][%mdl 32]} Ra8+ {[%emt 0:00:59]} 60. Kb2 {[%emt 0:00:40]} Rab8 {[%emt 0:00:54]} 61. Kc3 {[%emt 0:01:04]} Ra8 {[%emt 0:00:13]} 62. Kd2 {[%emt 0:00:36]} Ra2+ {[%emt 0:00:18]} 63. Bc2 {[%emt 0:00:41] Intending Rc8 and mate. This bishop pair is nice.} Ra8 {[%emt 0:00:04] Inhibits Rc8.} 64. Ke2 {[%emt 0:00:32]} Rab8 {[%emt 0:00:21]} 65. Ke3 {[%emt 0:00:20]} Ra8 {[%emt 0:00:43]} 66. Kf4 {[%emt 0:01:23]} Rab8 {[%emt 0:00:04]} 67. Kg5 {[%emt 0:01:06]} Ra8 {[%emt 0:00:19]} 68. Bd3 {[%emt 0:00:18]} Rab8 {[%emt 0:00:29]} 69. gxf5 {[%emt 0:03:59]} gxf5 {[%emt 0:00:17]} 70. f4 {[%emt 0:01:12] Weighted Error Value: White=0.14 (very precise) /Black=0.28 (precise)} 1-0

[Event "German Bundesliga 2021-22"]
[Site "Germany"]
[Date "2022.05.01"]
[Round "6.5"]
[White "Ribli, Zoltan"]
[Black "Boensch, Uwe"]
[Result "1/2-1/2"]
[WhiteElo "2529"]
[BlackElo "2494"]
[Annotator "TA"]
[PlyCount "125"]
[EventDate "2022.03.05"]
[EventType "team-tourn"]
[EventCountry "GER"]
[SourceTitle "playchess.com"]
[Source "ChessBase"]
[SourceQuality "1"]
[TimeControl "40/5400+30:1800+30"]

{[%evp 18,125,20,8,10,-5,12,16,25,14,31,27,27,28,54,46,52,54,52,43,44,50,51,52,81,80,81,78,75,77,108,95,105,94,146,150,162,161,144,149,153,124,272,307,284,279,425,280,273,228,562,567,565,547,475,0,156,156,156,157,153,124,250,247,233,243,266,256,313,299,306,306,403,355,443,457,424,258,444,445,506,499,560,560,562,238,238,272,257,36,339,219,185,471,460,379,520,0,189,0,0,0,0,0,0,0,0,0,0,0]} 1. Nf3 {[%emt 0:00:00] ChessBase II} d5 {[%emt 0:00:00]} 2. g3 {[%emt 0:00:00]} Nf6 {[%emt 0:00:00]} 3. Bg2 {[%emt 0:00:00]} e6 {[%emt 0:00:00]} 4. O-O {[%emt 0:00:00]} Be7 {[%emt 0:00:00]} 5. c4 {[%emt 0:00:00]} O-O {[%emt 0:00:00]} 6. d4 {[%emt 0:00:00]} dxc4 {[%emt 0:00:00]} 7. Qc2 {[%emt 0:00:00]} a6 {[%emt 0:00:00]} 8. a4 {[%emt 0:00:00]} Bd7 {[%emt 0:00:00]} 9. Qxc4 {[%emt 0:00:00]} Bc6 {[%emt 0:00:00]} 10. Bf4 {[%emt 0:00:00]} Bd6 {[%emt 0:00:00] E05: Open Catalan: 5 Nf3 Be7.} 11. Qc1 {[%emt 0:00:00]} Bxf4 {[%emt 0:01:36]} 12. Qxf4 {[%emt 0:00:00]} Qd6 {[%emt 0:00:32]} 13. Qc1 {[%emt 0:00:00] [#]} Bxf3 $146 {[%emt 0:10:36]} ({Predecessor:} 13... Bd5 14. Nc3 Nc6 15. e3 Nb4 16. Qb1 Qe7 17. a5 c5 18. Nxd5 Nfxd5 19. e4 Nc7 20. dxc5 Qxc5 {0-1 (37) Eljanov,P (2755)-Aronian,L (2780) Wijk aan Zee 2017 CBM 177 [ChessBase II]}) 14. Bxf3 {[%emt 0:00:00]} c6 {[%emt 0:00:05]} 15. Rd1 {[%emt 0:01:03]} e5 {[%emt 0:00:26]} 16. dxe5 {[%emt 0:03:21]} Qxe5 {[%emt 0:00:07]} 17. Nd2 {[%emt 0:00:42][%cal Bb1d2,Bd2c4,Bc4a5][%mdl 32]} Nbd7 {[%emt 0:04:04]} 18. Nc4 {[%emt 0:03:11]} Qc7 {[%emt 0:09:39]} 19. Qf4 {[%emt 0:03:20]} Qxf4 {[%emt 0:01:26]} 20. gxf4 {[%emt 0:00:18]} Rfd8 {[%emt 0:06:44]} 21. Na5 {[%emt 0:03:04] White is more active.} Rab8 {[%emt 0:01:36] [#]} 22. Bxc6 $1 {[%emt 0:02:45]} bxc6 {[%emt 0:00:21]} 23. Nxc6 {[%emt 0:00:05]} Re8 {[%emt 0:00:14]} 24. Nxb8 {[%emt 0:00:05]} Rxb8 {[%emt 0:00:02]} 25. Rd6 {[%emt 0:00:27]} Ra8 {[%emt 0:23:42]} (25... Rxb2 $2 26. Rxa6 Rxe2 27. Ra8+ Re8 28. Rxe8+ Nxe8 29. a5 $18) (25... a5 $142) 26. Rad1 $16 {[%emt 0:01:37]} Ra7 {[%emt 0:00:37]} 27. e4 $1 {[%emt 0:06:45]} Nf8 {[%emt 0:00:12]} 28. Rc6 {[%emt 0:05:39]} Nxe4 {[%emt 0:03:01]} 29. Rd8 {[%emt 0:00:12] Hoping for Rcc8.} f5 {[%emt 0:03:49]} (29... Nf6 $16 30. a5 N6d7) 30. Rcc8 $1 $18 {[%emt 0:02:46][%csl Gc8][%cal Rd8f8]} ({Weaker is} 30. f3 Nf6 $16) 30... Rf7 {[%emt 0:00:44]} 31. b4 {[%emt 0:00:09]} Nf6 {[%emt 0:28:26]} (31... Rf6 $142 32. b5 Nd6) 32. Ra8 {[%emt 0:08:32]} Nh5 {[%emt 0:00:49]} 33. Rxa6 {[%emt 0:00:32]} Nxf4 $2 {[%emt 0:00:06]} (33... Rc7 {is tougher.} 34. b5 Rc1+ 35. Kg2 Nxf4+ 36. Kf3 g5) 34. Raa8 {[%emt 0:00:24]} N4e6 {[%emt 0:00:53]} 35. Rd6 {[%emt 0:05:59]} Nf4 {[%emt 0:00:51]} 36. Rdd8 $2 {[%emt 0:02:49]} (36. h4 $18) 36... N4e6 $1 $16 {[%emt 0:00:22]} 37. Rd1 {[%emt 0:00:02][%mdl 1024] Strongly threatening a5. White has strong compensation.} Rb7 {[%emt 0:00:35]} 38. b5 {[%emt 0:00:06][%cal Bb4b5,Bb5b6][%mdl 32]} Kf7 {[%emt 0:02:29]} 39. Rb1 {[%emt 0:00:12] aiming for b6.} Nc7 {[%emt 0:02:51]} (39... Nd7 $16) 40. Rc8 $18 {[%emt 0:02:09]} Nfe6 {[%emt 0:00:40]} 41. b6 {[%emt 0:30:31]} Ke7 {[%emt 0:32:00]} 42. a5 {[%emt 0:00:07]} Kd7 {[%emt 0:00:26]} 43. Rh8 {[%emt 0:01:01]} ({Not} 43. Rxc7+ Nxc7 44. Rd1+ Ke6 $11) 43... Na6 {[%emt 0:01:11]} 44. Rxh7 {[%emt 0:01:37]} Kc6 {[%emt 0:00:00]} 45. Rh8 {[%emt 0:00:00]} Rd7 {[%emt 0:00:00]} 46. Ra8 {[%emt 0:00:00]} Nec5 {[%emt 0:00:00]} 47. Ra7 {[%emt 0:00:00]} Rb7 $2 {[%emt 0:00:00]} (47... g5 {was called for.} 48. Kg2 Rd5) 48. h4 {[%emt 0:00:00]} Nb8 {[%emt 0:00:00]} 49. Kg2 {[%emt 0:00:00]} Nbd7 {[%emt 0:00:00]} 50. Kg3 {[%emt 0:00:00]} g6 {[%emt 0:00:00]} 51. Rc1 {[%emt 0:00:00]} (51. f3 $142 {Ra8 is the strong threat.} Ne6 52. Ra8) 51... Rxa7 {[%emt 0:00:00]} 52. bxa7 {[%emt 0:00:00]} Kb7 {[%emt 0:00:00]} 53. f3 $2 {[%emt 0:00:00]} (53. Rd1 $1 $18) 53... Kxa7 $2 {[%emt 0:00:00][%mdl 8192]} (53... f4+ $1 $14 54. Kg2 Kxa7) 54. Rd1 {[%emt 0:00:00] Black must now prevent Rd6.} Nf8 {[%emt 0:00:00]} 55. Kf4 $1 {[%emt 0:00:00]} Ka6 {[%emt 0:00:00]} 56. Ke5 $1 {[%emt 0:00:00]} Kxa5 {[%emt 0:00:00] [#]} 57. Rd8 $2 {[%emt 0:00:00]} (57. Kd6 $1 {[%cal Rd6c5]} Kb4 58. Rb1+ Nb3 59. Ke7) 57... Kb5 {[%emt 0:00:00] [#]} 58. Rc8 $2 {[%emt 0:00:00]} ({Stronger than} 58. Rb8+ Kc4 59. Rxf8 Nd7+ 60. Ke6 Nxf8+ $11) (58. Kf6 $1 $18 Nfe6 59. Rb8+ Kc6 60. Kxg6) 58... Kc4 {[%emt 0:00:00] The position is equal.} 59. Kd6 {[%emt 0:00:00]} Nfe6 {[%emt 0:00:00]} 60. Rg8 {[%emt 0:00:00]} Nf4 {[%emt 0:00:17]} 61. Ke5 {[%emt 0:00:00]} Ncd3+ {[%emt 0:01:08]} 62. Kf6 {[%emt 0:00:00]} Kd4 {[%emt 0:00:16]} 63. Re8 {[%emt 0:00:39][%mdl 64] Remove Defender. White really could win this.  Weighted Error Value: White=0.36/Black=0.30} 1/2-1/2

[Event "German Bundesliga 2021-22"]
[Site "Germany"]
[Date "2022.05.01"]
[Round "6.5"]
[White "Sorensen, Hampus"]
[Black "Dardha, Daniel"]
[Result "1/2-1/2"]
[WhiteElo "2367"]
[BlackElo "2541"]
[Annotator "TA"]
[PlyCount "85"]
[EventDate "2022.03.05"]
[EventType "team-tourn"]
[EventCountry "GER"]
[SourceTitle "playchess.com"]
[Source "ChessBase"]
[SourceQuality "1"]
[TimeControl "40/5400+30:1800+30"]

{[%evp 14,85,32,31,53,60,53,55,58,54,50,37,43,36,35,38,54,38,46,35,28,0,0,0,0,0,0,-20,37,-16,0,-5,0,0,0,0,0,0,0,0,13,7,30,0,7,0,0,0,0,0,0,0,21,-20,42,26,66,0,0,0,1,13,8,0,0,0,0,0,0,0,0,0,0,0]} 1. e4 {[%emt 0:00:00]} g6 {[%emt 0:00:00]} 2. d4 {[%emt 0:00:00]} Bg7 {[%emt 0:00:00]} 3. Nf3 {[%emt 0:00:00]} c6 {[%emt 0:00:00]} 4. Bd3 {[%emt 0:01:15]} d5 {[%emt 0:00:00]} 5. exd5 {[%emt 0:01:03]} cxd5 {[%emt 0:00:00]} 6. O-O {[%emt 0:00:51]} Nc6 {[%emt 0:00:00]} 7. c3 {[%emt 0:00:43]} Nf6 {[%emt 0:00:00]} 8. Bf4 {[%emt 0:12:37]} Bf5 {[%emt 0:00:18] B13: Caro-Kann: Exchange Variation and Panov-Botvinnik Attack.} 9. Bxf5 {[%emt 0:02:10]} gxf5 {[%emt 0:00:16]} 10. Ne5 {[%emt 0:08:14]} Ne4 {[%emt 0:06:48] [#] White is slightly better.} 11. Nd3 $146 {[%emt 0:02:58]} ({Predecessor:} 11. Qh5 Nxe5 12. dxe5 e6 13. Qe2 O-O 14. Re1 Qb6 15. Be3 Qc7 16. f3 Nc5 17. Bd4 {½-½ (30) Shour,J (2210)-Boukh,B (2370) St Petersburg 1998}) 11... e6 {[%emt 0:03:18]} 12. f3 {[%emt 0:03:26]} Nd6 {[%emt 0:07:59]} 13. Nd2 {[%emt 0:03:22]} h5 {[%emt 0:00:47]} 14. Re1 {[%emt 0:02:25]} Bh6 {[%emt 0:05:06]} 15. Qe2 {[%emt 0:04:01]} Kf8 {[%emt 0:13:17]} 16. Qe3 {[%emt 0:02:45]} Kg7 {[%emt 0:02:58]} 17. b3 {[%emt 0:04:57]} Qf6 {[%emt 0:02:38]} 18. Kh1 {[%emt 0:07:43]} Rac8 {[%emt 0:05:26]} 19. Rac1 {[%emt 0:02:06]} h4 {[%emt 0:01:26]} 20. Rg1 {[%emt 0:03:18] [#] Hoping for g4.} Rcd8 {[%emt 0:05:20]} (20... Bxf4 $11 21. Nxf4 b5) 21. Rce1 {[%emt 0:03:31]} (21. g4 $14 hxg3 22. Rxg3+ Kf8 23. Bxd6+ Rxd6 24. f4) 21... Bxf4 $11 {[%emt 0:05:40]} 22. Nxf4 {[%emt 0:00:50]} Kf8 {[%emt 0:07:15]} 23. Re2 {[%emt 0:05:58]} Nc8 {[%emt 0:05:07]} 24. Nb1 {[%emt 0:03:26][%cal Bd2b1,Bb1a3,Ba3c2,Bc2e1][%mdl 32]} N8e7 {[%emt 0:02:46]} 25. Na3 {[%emt 0:00:31]} Ng6 {[%emt 0:05:31]} 26. Nc2 {[%emt 0:00:42]} Nce7 {[%emt 0:04:33]} 27. Ne1 {[%emt 0:00:20]} Rc8 {[%emt 0:00:35]} 28. Nxg6+ {[%emt 0:04:20]} Nxg6 {[%emt 0:02:11]} 29. Qd2 {[%emt 0:01:30]} Kg7 {[%emt 0:03:00]} 30. Nd3 {[%emt 0:02:00]} Rc7 {[%emt 0:00:22]} 31. Ne5 {[%emt 0:11:05]} Nxe5 {[%emt 0:06:09]} 32. dxe5 {[%emt 0:00:58]} Qh6 {[%emt 0:00:17] White must now prevent ...Qxd2.} 33. Qd4 {[%emt 0:00:33]} f4 {[%emt 0:01:59]} ({Black should try} 33... Rhc8 $11) 34. c4 $14 {[%emt 0:02:49]} Rd8 {[%emt 0:02:43] [#]} 35. cxd5 {[%emt 0:01:03]} ({Better is} 35. Re4 $1 $14 dxe4 36. Qxd8) 35... Rxd5 $11 {[%emt 0:00:07] The position is equal.} 36. Qxa7 {[%emt 0:00:07]} Qg5 {[%emt 0:00:32]} 37. Qf2 {[%emt 0:02:30]} Rc3 {[%emt 0:01:13]} 38. Rge1 {[%emt 0:00:33]} Rcd3 {[%emt 0:01:00]} 39. Kg1 {[%emt 0:00:54]} h3 {[%emt 0:01:08]} 40. Kh1 {[%emt 0:01:29]} Qh5 {[%emt 0:01:26]} 41. Re4 {[%emt 0:00:00]} Rd2 {[%emt 0:00:00]} 42. R4e2 {[%emt 0:00:00]} R2d3 {[%emt 0:00:00]} 43. Re4 {[%emt 0:00:00] Weighted Error Value: White=0.11 (very precise) /Black=0.10 (very precise)} 1/2-1/2